| 000 | 00366nam a22001337a 4500 | ||
|---|---|---|---|
| 008 | 230704b xxu||||| |||| 00| 0 eng d | ||
| 020 | _a9211613817 | ||
| 082 |
_a339.3 _bUN |
||
| 110 | _bUnited Nations | ||
| 245 |
_aNational Accounts Statistics: Main Aggregates and Detailes Tables, 1993 _bpart 1 |
||
| 260 |
_aNew york _bUN _c1996 |
||
| 300 | _a778p | ||
| 942 |
_2ddc _cBK |
||
| 999 |
_c3576 _d3576 |
||